000 00495nam a2200157 4500
008 0 2003 0a 000 0Mex
020 _a970-26-0357-9
050 _aHC133 D45 2003
082 _a330.9 D357m
100 _aDelgado de Cantú, Gloria M.
245 _aMéxico : Estructuras política, económica y social / Gloria M. Delgado de Cantú
250 _a2
260 _aMéxico : Pearson
300 _axvii, 394 p. / 23 cm.
650 _a1. ECONOMIA \ 2. POLITICA \ 3. SOCIOLOGIA
999 _c18920
_d18920